MOV má už 205 členov 119. zasadnutie Medzinárodného olympijského výboru, Guatemala 4.-7. júla 2007

Podrobná bibliografia
Médium: Článok
Jazyk:slovenčina
PhysicalDescription:Fotogr.
ISSN:0139-7001
Predmet:

MARC

LEADER 00000nab a2200000 ar4500
001 vtls009007651
003 SK-MaSNL
005 20260303065452.0
008 070517c20070709xo mr|p|||||||000 b|slo
015 |a SNKBUCL2007/07  |2 snkbucl 
038 |a SNKBUCL 
040 |a SNKBUCL  |b slo  |c SNKBUCL  |e AACR2 
041 0 |a slo 
044 |a xo  |c SK 
080 |a 796.032.062  |x (100)  |2 2001 
080 |a 061.3  |2 2001 
245 0 0 |a MOV má už 205 členov  |b 119. zasadnutie Medzinárodného olympijského výboru, Guatemala 4.-7. júla 2007 
300 |b Fotogr. 
610 2 7 |a Medzinárodný olympijský výbor  |2 snkbucl  |9 34832 
648 7 |a 2007  |2 snkbucl  |9 313226 
650 0 7 |a zasadanie  |2 snkbucl  |9 280253 
773 0 |t Šport  |g Roč. 61, č. 156 (9.7.2007), s. 23  |x 0139-7001 
852 |a SNK  |b KIS3GCP 
958 |a SK 
999 |c 1751301  |d 1753231